| 000 | 01664nam a22003977a 4500 | ||
|---|---|---|---|
| 003 | CHAP | ||
| 005 | 20220329141618.0 | ||
| 008 | 971013s1976 r 00010 d | ||
| 010 | _a70994 | ||
| 011 | _a71966 | ||
| 035 | _a81520 | ||
| 040 | _cCHAP | ||
| 082 |
_a636.39 _bA38 |
||
| 100 | 0 | 0 |
_aAgraz García, Abraham Angel. _91159 |
| 245 | _aEstudio zoométrico de tres razas caprinas | ||
| 260 |
_aBuenos Aires : _bHemisferio Sur, _c1976 |
||
| 300 |
_a211 p. _b: ilus. |
||
| 590 |
_aBATCH-UPD _b10 _c20130109 _lUCH01 _h2359 |
||
| 590 |
_aBATCH-UPD _b10 _c20130110 _lUCH01 _h2158 |
||
| 590 |
_aBATCH-UPD _b10 _c20130409 _lUCH01 _h1934 |
||
| 590 |
_aBATCH-UPD _b10 _c20130410 _lUCH01 _h1507 |
||
| 590 |
_aBATCH-UPD _b10 _c20130913 _lUCH01 _h1956 |
||
| 590 |
_aCONVERSION _b10 _c20130109 _lUCH01 _h1339 |
||
| 650 | 1 | 4 |
_aGanado cabrío _xMedidas. _945022 |
| 901 | _aBK | ||
| 942 | _cLIBRO | ||
| 949 |
_a636.39 A38 _bBC _cLIBRO _d33724000136552 _eLIBRO _fc.2 _h42009 _i81520 _mD. _si |
||
| 949 |
_a636.39 A38 _bBC _cLIBRO _d33724000136560 _eLIBRO _h42008 _i81520 _mD. _si |
||
| 949 |
_a636.39 A38 _bBC _cLIBRO _d33724000136578 _eLIBRO _fc.5 _h42012 _i81520 _mD. _si |
||
| 949 |
_a636.39 A38 _bBC _cLIBRO _d33724000136586 _eLIBRO _fc.6 _h42389 _i81520 _mD. _si |
||
| 949 |
_a636.39 A38 _bBC _cLIBRO _d33724000136594 _eLIBRO _fc.8 _h45308 _i81520 _mD. _si |
||
| 949 |
_a636.39 A38 _bBC _cLIBRO _d33724000136602 _eLIBRO _fc.9 _h72903 _i81520 _mD. Ing. Zepeda _si |
||
| 949 |
_a636.39 A38 _bBC _cLIBRO _d33724000136610 _eLIBRO _fc.4 _h42011 _i81520 _mD. _si |
||
| 949 |
_a636.39 A38 _bBC _cLIBRO _d33724000607537 _eLIBRO _fc.3 _h42010 _i81520 _mD. _si |
||
| 949 |
_a636.39 A38 _bBC _cLIBRO _d33724000660585 _eLIBRO _fc.7 _h45112 _i81520 _mD. _si |
||
| 999 |
_c70994 _d70994 |
||